An introduction to reasoning (Registro nro. 59181)

Detalles MARC
000 -ENCABEZADO
Número de control [NR] 00866nam a2200277Ia 4500
005 - FECHA Y HORA DE LA ÚLTIMA TRANSACCIÓN
control field 20150717100553.0
008 - DE LONGITUD FIJA DE DATOS DE ELEMENTOS - INFORMACIÓN GENERAL
Elementos de longitud fija [NR] 130821s1984 xxua gr eng
020 ## - NUMERO INTERNACIONAL NORMALIZADO PARA LIBROS [R]
Número Internacional Normalizado del libro [NR] 24211605
040 ## - FUENTE DE CATALOGACION [NR]
Agencia de catalogación original [NR] CO-BoUCM
Idioma de catalogación [NR] spa
Quien Cataloga [Nuevo]
Quien Clasifica [Nuevo]
041 00 - CODIGO DE IDIOMA [R]
Código de idioma para texto/pista de sonido o título separado [R] Inglés
100 1# - ASIENTO PRINCIPAL--NOMBRE PERSONAL [NR]
Nombre personal [NR] Toulmin, Stephen Edelston
Fechas asociadas con el nombre [NR] 1922-
ID Autoridad 70060
245 13 - MENCION DE TITULO [NR]
Título [NR] An introduction to reasoning
Mención de responsabilidad, etc. [NR] Stephen Toulmin
250 ## - MENCION DE EDICION [NR]
Mención de edición [NR] 2nd ed
260 ## - PUBLICACION, DISTRIBUCION, ETC. (PIE DE IMPRENTA) [R]
Lugar de publicación, distribución, etc. [R] Nueva York (Estados Unidos)
Nombre del editor, distribuidor, etc. [R] Macmillan Publishers
Fecha de publicación, distribución, etc. [R] 1984
300 ## - DESCRIPCION FISICA [R]
Extensión [R] ix, 435 páginas
Otros detalles físicos [NR] gráficas
500 ## - NOTA GENERAL [R]
Nota general [NR] Incluye indice
650 07 - ASIENTO SECUNDARIO DE MATERIA - TERMINO TEMATICO [R]
Término temático o nombre geográfico como elemento de entrada [NR] Filosofía moderna
9 (RLIN) 15835
650 07 - ASIENTO SECUNDARIO DE MATERIA - TERMINO TEMATICO [R]
Término temático o nombre geográfico como elemento de entrada [NR] Lógica
9 (RLIN) 18789
650 07 - ASIENTO SECUNDARIO DE MATERIA - TERMINO TEMATICO [R]
Término temático o nombre geográfico como elemento de entrada [NR] Razonamiento
9 (RLIN) 23103
650 07 - ASIENTO SECUNDARIO DE MATERIA - TERMINO TEMATICO [R]
Término temático o nombre geográfico como elemento de entrada [NR] Teoría critica
9 (RLIN) 25258
690 ## - ASUNTO AGREGADO LOCAL DE ENTRADA - TÉRMINO TEMÁTICO (OCLC, RLIN)
9 (RLIN) 42868
Acceso temático local Lógica
700 1# - ASIENTO SECUNDARIO - NOMBRE PERSONAL [R]
Nombre personal [NR] Janik, Allan
9 (RLIN) 70061
700 1# - ASIENTO SECUNDARIO - NOMBRE PERSONAL [R]
Nombre personal [NR] Rieke, Richard D.
9 (RLIN) 70062
942 ## - ELEMENTOS DE ENTRADA AGREGADOS (KOHA)
Tipo de ítem principal el descrito en 300a Libro
Tema principal Filosofía
Edición 2
Parte restante de la signatura top. T724i
Sistema de clasificación DEWEY
Clasificación 160
Existencias
Fecha de último préstamo Total préstamos Total Renewals Signatura topográfica Código de barras Última vez visto Volúmen / Fascículo Ejemplar Price effective from Tipo de ítem Perdido Sistema de clasificación Dañado No prestable Tipo de ítem específico Suprimido Ubicación habitual Ubicación actual Localización Fecha de creación Forma de adquisición Costo
16/01/2020 9 1 160 T724i 100102765 05/12/2025 2a.Ed. Ej.2 03/02/2013 Libro   DEWEY     Libro   Claustro Claustro 2do piso 28/02/2013 Compra 140000.00
21/07/2009     160 T724i 100098892 05/12/2025 2a.Ed. Ej.1 03/02/2013 Libro   DEWEY     Libro   Claustro Claustro 2do piso 30/09/2009 Compra 198000.00